South Eastern Kenya University

Library Online Public Access Catalogue


Advanced accounts (Record no. 18568)

MARC details
000 -LEADER
fixed length control field 00469nam a22001937a 4500
003 - CONTROL NUMBER IDENTIFIER
control field OSt
005 - DATE AND TIME OF LATEST TRANSACTION
control field 20250620083011.0
008 - FIXED-LENGTH DATA ELEMENTS--GENERAL INFORMATION
fixed length control field 250620b |||||||| |||| 00| 0 eng d
022 ## - INTERNATIONAL STANDARD SERIAL NUMBER
Source 9788121911009
040 ## - CATALOGING SOURCE
Original cataloging agency SEKU
050 ## - LIBRARY OF CONGRESS CALL NUMBER
Classification number HF 5635
Item number .S58
100 ## - MAIN ENTRY--PERSONAL NAME
Personal name M. C. Shukla
245 ## - TITLE STATEMENT
Title Advanced accounts
260 ## - PUBLICATION, DISTRIBUTION, ETC. (IMPRINT)
Place of publication, distribution, etc. New Delhi :
Name of publisher, distributor, etc. S.Chand &Company ltd,
Date of publication, distribution, etc. 2007.
650 ## - SUBJECT ADDED ENTRY--TOPICAL TERM
Source of heading or term accounting
700 ## - ADDED ENTRY--PERSONAL NAME
Personal name T. S. Grewal
700 ## - ADDED ENTRY--PERSONAL NAME
Personal name ,S. C. Gupta
942 ## - ADDED ENTRY ELEMENTS (KOHA)
Source of classification or shelving scheme Library of Congress Classification
Koha item type General circulation
Holdings
Withdrawn status Lost status Source of classification or shelving scheme Damaged status Not for loan Home library Current library Shelving location Date acquired Serial Enumeration / chronology Total Checkouts Full call number Barcode Date last seen Price effective from Koha item type
    Library of Congress Classification     Kitui Town Campus Library Kitui Town Campus Library General Stacks 20/06/2025 V.2   HF 5635 .S58 V.2 2024/028573 20/06/2025 20/06/2025 General circulation
Kitui, Kenya.
+254736116989
library@seku.ac.ke